000 00795nam a2200229 i 4500
003 DO-SdBNP
005 20240201140905.0
006 a||||gr|||| 00| 0
007 ta
008 240118e1961 dr ||||| |||| 00| 0 spa d
040 _aDO-SdBNP
_bspa
_cBNPHU
_erda
082 4 _222
_bF438d
100 1 _aFiallo, Biriato.
_eautor
_984801
245 1 0 _aDiscurso pronunciado por el Dr. Viriato Fiallo. Presidente de la Unión Cívica Nacional, en el Baluarte de el Conde, el día 29 de julio de 1961/
_cViriato Fiallo
264 1 _a[lugar no identificado] :
_b[editora no identificada],
_c1961
300 _a4 hojas ;
_c28 cm.
336 _2rdacontent
_atexto
_btxt
337 _2rdamedia
_asin mediación
_bn
338 _2rdacarrier
_avolumen
_bnc
590 _aInventariado 2024 / MF
942 _2ddc
_cLF2
999 _c55727
_d55727